000 00945nam a22003137a 4500
001 BR7905891
003 BR-BrBNA
005 20230928090113.0
007 ta
008 230509b bl.||||| |||| 00| 0 por d
040 _aBR-BrBNA
_bpor
_cBiblioteca Nacional de Agricultura
041 _a(Por)
072 _aE70; F00
_b/G514
090 _ E70 BR7905891
110 1 _aFundacao Tropical de Pesquisas e Tecnologia, Campinas, SP (Brasil)
_95033
245 1 _aContribuicao para o estudo do transporte da safra dos principais produtos alimenticios no Brasil [Comercializacao]
260 3 _aCampinas, SP (Brasil):
_c1979.
300 _a50 p.
500 _a13 tables; 18 Maps, 25x25,5 cm
650 _aComercializacao
650 _aProducao vegetal
650 _aSafra
650 _aTransporte
650 _aCombustivel
650 _aConsumo
650 _aEstatistica agricola
909 _a202309
_bLucia
_c55
_dLucia Elande
942 _cBK
999 _c27831
_d27831